000 00547nam a22001697a 4500
005 20251108165014.0
008 250721s1991 xx 000 0 ara d
082 1 4 _a531.1/هشا
100 1 _aغصيب، هشام
245 1 0 _aمدخل مبسط إلى مفهوم الحركة الموجبة /
264 1 _aعمان :
_bالجمعية العلمية الملكية - قسم الثقافة العلمية،
_c1991.
300 _a178ص
650 1 7 _aالميكانيكا
650 1 7 _aعلم الحركة
942 _2ddc
_cBK
999 _c19682
_d19682